[Event "5. Griesheimer Schachtage 2009"]
[Site "Griesheim"]
[Date "2009.05.17"]
[Round "5.16"]
[White "Tierling, Detlef"]
[Black "Sarkoezy, Benjamin"]
[Result "1-0"]
[WhiteElo "1992"]
[BlackElo "1820"]
[PlyCount "107"]

1. g4 d5 2. Bg2 c6 3. h3 e5 4. c4 dxc4 5. b3 Be6 6. Nf3 Bc5 7. bxc4 e4 8. Nh2
Qd4 9. O-O Qxa1 10. Qb3 Bxc4 11. Qxc4 Qd4 12. Qb3 Qb4 13. Qc2 Nd7 14. Bxe4 Ngf6
15. Bd3 O-O-O 16. e3 Qb6 17. Nc3 Qc7 18. Bb2 Bd6 19. Nf3 h6 20. Rc1 Kb8 21. Be2
Rhe8 22. d4 Nb6 23. e4 Bf4 24. Rb1 Qe7 25. e5 Nfd5 26. Ne4 f6 27. a4 fxe5 28.
dxe5 Nb4 29. Qb3 N6d5 30. a5 c5 31. Bc4 Nc7 32. Bc3 Ne6 33. Bxe6 Qxe6 34. Qxe6
Rxe6 35. Nxc5 Rc6 36. Bxb4 Rd5 37. Nxb7 Kxb7 38. Bd2+ Ka6 39. Bxf4 Rxa5 40. Rd1
Ra4 41. Be3 Kb7 42. Nd4 Rc8 43. Nb5 Ka6 44. Nd6 Rc7 45. Kg2 Ka5 46. Rd5+ Kb4
47. Rb5+ Kc3 48. Rc5+ Rxc5 49. Bxc5 Ra1 50. Bxa7 Ra5 51. f4 g5 52. f5 Rxe5 53.
f6 Re6 54. f7 1-0

[Event "5. Griesheimer Schachtage 2009"]
[Site "Griesheim"]
[Date "2009.05.17"]
[Round "5.17"]
[White "Barisch, Florian"]
[Black "Gutacker, Stephan"]
[Result "1/2-1/2"]
[WhiteElo "1697"]
[BlackElo "1985"]
[PlyCount "82"]

1. d4 Nf6 2. e3 g6 3. f4 Bg7 4. Bd3 d6 5. Nf3 O-O 6. O-O c5 7. c3 Nc6 8. Nbd2
a6 9. Bc2 b5 10. a3 Rb8 11. Ne4 Nxe4 12. Bxe4 Bb7 13. Bc2 Qc7 14. f5 a5 15.
fxg6 fxg6 16. Bb3+ c4 17. Bc2 e5 18. d5 Ne7 19. e4 Bc8 20. h3 h6 21. Qe2 Kh7
22. Qe1 g5 23. Bxg5 Ng6 24. Bd2 a4 25. Nh4 Rxf1+ 26. Kxf1 Nxh4 27. Qxh4 Rb7 28.
Be3 Qe7 29. Qxe7 Rxe7 30. Kg1 Bd7 31. Bd1 Bf6 32. Bh5 Rg7 33. Kh1 Bg5 34. Bxg5
Rxg5 35. Bf3 Rg7 36. Rf1 Kg6 37. Be2 Rg8 38. Kh2 h5 39. g3 Bc8 40. Rf2 Bd7 41.
g4 h4 1/2-1/2

[Event "5. Griesheimer Schachtage 2009"]
[Site "Griesheim"]
[Date "2009.05.17"]
[Round "5.18"]
[White "Donchenko, Alexander"]
[Black "Busch, Florian"]
[Result "1-0"]
[WhiteElo "1984"]
[BlackElo "1632"]
[PlyCount "39"]

1. d4 d5 2. Nf3 Nf6 3. c4 c6 4. Qc2 e6 5. Nbd2 Bb4 6. g3 Ne4 7. Bg2 Qa5 8. O-O
Nxd2 9. Nxd2 Qa6 10. b3 Qa5 11. e3 Nd7 12. Rd1 Nb6 13. a3 Bc3 14. Rb1 Bxd2 15.
Bxd2 Qxa3 16. c5 Qa6 17. Ra1 Qe2 18. cxb6 Qb5 19. bxa7 Qb6 20. Qc5 1-0

[Event "5. Griesheimer Schachtage 2009"]
[Site "Griesheim"]
[Date "2009.05.17"]
[Round "5.19"]
[White "Will, Patrick"]
[Black "Selzer, Torsten"]
[Result "1/2-1/2"]
[WhiteElo "1929"]
[BlackElo "1618"]
[PlyCount "148"]

1. e4 c5 2. Nf3 g6 3. d4 Bg7 4. c4 cxd4 5. Nxd4 Nc6 6. Be3 Nf6 7. Nc3 d6 8. Be2
O-O 9. O-O Bd7 10. Rc1 Nxd4 11. Bxd4 Bc6 12. f3 a5 13. b3 Nd7 14. Bf2 Nc5 15.
Qc2 Re8 16. Rfd1 Qb6 17. Nd5 Bxd5 18. exd5 Qb4 19. Rb1 Qc3 20. Qxc3 Bxc3 21.
Bf1 h5 22. a3 Kf8 23. Rdc1 Be5 24. b4 axb4 25. axb4 Na4 26. g3 Nc3 27. Rb3 Na2
28. Rc2 Ra4 29. f4 Bf6 30. Be1 Bd4+ 31. Kg2 b6 32. Kf3 Rc8 33. Ke4 Bg7 34. f5
Rc7 35. fxg6 fxg6 36. Kd3 Bh6 37. Bd2 Bxd2 38. Kxd2 Nxb4 39. Rcb2 Na6 40. Rxb6
Nc5 41. Rc6 Rca7 42. Ke3 Ra3+ 43. Kf4 Ra1 44. Rb8+ Kg7 45. Bh3 R1a4 46. Rxc5
dxc5 47. Be6 Ra8 48. Rb7 Kf6 49. Rb6 Rxc4+ 50. Ke3 Ra3+ 51. Kd2 Rd4+ 52. Kc2
Ke5 53. Rb7 Ra2+ 54. Kb3 Rxh2 55. Rxe7 Kf6 56. Rc7 Rd1 57. Bg8 Rh3 58. Rf7+ Kg5
59. Kc2 Rxd5 60. Rf3 Rf5 61. Rc3 Rf2+ 62. Kb3 Kg4 63. Be6+ Kg5 64. Bxh3 Rh2 65.
Rxc5+ Kh6 66. Be6 h4 67. g4 Re2 68. Bc8 h3 69. Rc3 h2 70. Rh3+ Kg5 71. Kc3 Re3+
72. Rxe3 h1=Q 73. Kd4 Qd1+ 74. Rd3 Qa4+ 1/2-1/2

[Event "5. Griesheimer Schachtage 2009"]
[Site "Griesheim"]
[Date "2009.05.17"]
[Round "5.20"]
[White "Heilmann, Michael"]
[Black "Auschkalnis, Reinhard"]
[Result "0-1"]
[WhiteElo "1288"]
[BlackElo "1880"]
[PlyCount "70"]

1. e4 c5 2. Nf3 e6 3. d4 cxd4 4. Nxd4 Qb6 5. c3 a6 6. Qb3
Qc7 7. Be3 Nf6 8. Bd3 Be7 9. Nd2 Ng4 10. g3 Nxe3 11. fxe3 b6 12. Qd1 g6 13. O-O
e5 14. Nc2 Bg5 15. Qf3 d6 16. Bc4 O-O 17. Rf2 h5 18. Raf1 Ra7 19. Nb4 Bg4 20.
Nd5 Bxf3 21. Nxc7 Bxe3 22. Nd5 Bxf2+ 23. Kxf2 Bg4 24. Ke3 b5 25. Nf6+ Kg7 26.
Bb3 Be6 27. Nd5 Nc6 28. Nf3 Na5 29. Ng5 Nxb3 30. axb3 a5 31. h4 a4 32. b4 a3
33. bxa3 Rxa3 34. Kd3 Ra2 35. Nc7 Bc4+ 0-1

[Event "5. Griesheimer Schachtage 2009"]
[Site "Griesheim"]
[Date "2009.05.17"]
[Round "5.21"]
[White "Hoeck, Raimund"]
[Black "Simak, Jaroslav"]
[Result "1-0"]
[WhiteElo "2064"]
[BlackElo "1728"]
[PlyCount "72"]

1. d4 d5 2. c4 e6 3. Nf3 Nf6 4. e3 c6 5. Bd3 dxc4 6. Bxc4 Nbd7 7. O-O b5 8. Bd3
Bb7 9. e4 a6 10. e5 Nd5 11. Bg5 Be7 12. Bxe7 Qxe7 13. Nbd2 f5 14. exf6 N7xf6
15. Re1 O-O 16. Rc1 Qd6 17. Ng5 Nf4 18. Nde4 Nxe4 19. Bxe4 h6 20. Nf3 Rad8 21.
Rc5 Qxc5 22. dxc5 Rxd1 23. Rxd1 Nd5 24. Ne5 g5 25. g3 Kg7 26. Ra1 h5 27. a4 Ra8
28. Bg6 Kf6 29. Re1 h4 30. Bh5 hxg3 31. hxg3 Rd8 32. Nf7 Rd7 33. Nd6 bxa4 34.
Bg4 Ba8 35. Rxe6+ Kg7 36. Re8 Bb7 1-0

[Event "5. Griesheimer Schachtage 2009"]
[Site "Griesheim"]
[Date "2009.05.17"]
[Round "5.22"]
[White "Opasiak, Dustin Tennessee"]
[Black "Plattner, Rolf"]
[Result "0-1"]
[WhiteElo "1721"]
[BlackElo "1932"]
[PlyCount "36"]

1. e4 e6 2. d4 d5 3. Nc3 Bb4 4. e5 c5 5. a3 Bxc3+ 6. bxc3 Qc7 7. Nf3 Nc6 8. a4
Nge7 9. Ba3 cxd4 10. cxd4 Nf5 11. Qd2 Ncxd4 12. Nxd4 Qxe5+ 13. Be2 Nxd4 14. Rb1
Qxe2+ 15. Qxe2 Nxe2 16. Kxe2 b6 17. Rhd1 Ba6+ 18. Ke3 Bc4 0-1

[Event "5. Griesheimer Schachtage 2009"]
[Site "Griesheim"]
[Date "2009.05.17"]
[Round "5.23"]
[White "Schroeder, Jan-Christian"]
[Black "Adamczyk, Matthias"]
[Result "1-0"]
[WhiteElo "1820"]
[BlackElo "1770"]
[PlyCount "87"]

1. e4 e5 2. Nf3 Nf6 3. d4 Nxe4 4. Nxe5 d6 5. Nf3 d5 6. Bd3 Bd6 7. O-O O-O 8. c4
c6 9. Nc3 Bf5 10. Qc2 Re8 11. Re1 Bb4 12. Bf4 Bg6 13. Ne5 Bxc3 14. bxc3 Nf6 15.
Nxg6 hxg6 16. Rab1 b6 17. cxd5 Nxd5 18. Bg3 Nd7 19. c4 Rxe1+ 20. Rxe1 Nb4 21.
Qc3 Nxd3 22. Qxd3 Nf6 23. Bh4 Qd6 24. Bg3 Qd7 25. h3 Rd8 26. Be5 Nh7 27. Rd1
Qe6 28. Bc7 Rd7 29. d5 cxd5 30. cxd5 Qf6 31. d6 Nf8 32. Qa6 Kh7 33. Qc8 Kg8 34.
Re1 Rxd6 35. Bxd6 Qxd6 36. Re8 Qd1+ 37. Kh2 Qd6+ 38. g3 g5 39. a4 g6 40. Qg4
Qc5 41. Qf3 Kg7 42. Qe3 Qc6 43. Qe5+ Kg8 44. Qe7 1-0

[Event "5. Griesheimer Schachtage 2009"]
[Site "Griesheim"]
[Date "2009.05.17"]
[Round "5.25"]
[White "Neuner, Johannes"]
[Black "Henkelmann, Frank"]
[Result "1-0"]
[WhiteElo "1871"]
[BlackElo "1176"]
[PlyCount "79"]

1. e4 e5 2. Nf3 Nc6 3. Bb5 Nge7 4. O-O d6 5. c3 Bg4 6. d4 exd4 7. cxd4 a6 8.
Be2 Qd7 9. Nc3 Rd8 10. Bg5 h6 11. Be3 Ng6 12. h3 Bh5 13. g4 Bxg4 14. hxg4 Qxg4+
15. Kh1 Qh3+ 16. Nh2 d5 17. Bg4 Qh4 18. exd5 Bd6 19. f4 h5 20. Bf2 Qf6 21. Ne4
Qxf4 22. Nxd6+ Rxd6 23. Qe1+ Nce7 24. Bg3 Qxd4 25. Rd1 Qxb2 26. Rf2 Qa3 27.
Bxd6 Qxd6 28. Bf5 Ne5 29. Nf3 Ng4 30. Re2 Kf8 31. Kg2 g6 32. Qc3 Rh7 33. Rde1
f6 34. Re6 Qxd5 35. Bxg4 hxg4 36. Qxf6+ Kg8 37. Rxe7 gxf3+ 38. Kg3 Rxe7 39.
Rxe7 Qc5 40. Qg7# 1-0

[Event "5. Griesheimer Schachtage 2009"]
[Site "Griesheim"]
[Date "2009.05.17"]
[Round "5.26"]
[White "Josic, Ivica"]
[Black "Wolk, Christine"]
[Result "0-1"]
[WhiteElo "1633"]
[BlackElo "1687"]
[PlyCount "118"]

1. e4 c5 2. Nf3 d6 3. Bb5+ Nc6 4. d4 cxd4 5. Nxd4 Bd7 6. Be3 Nf6 7. Nxc6 bxc6
8. Bd3 g6 9. Qe2 Bg7 10. c3 O-O 11. Nd2 Rb8 12. Nb3 Qc7 13. f3 c5 14. Bc4 a5
15. O-O a4 16. Nc1 Qa5 17. Nd3 Rfc8 18. Rfc1 a3 19. Rab1 axb2 20. Rxb2 Ne8 21.
Qc2 Ba4 22. Qb1 Rxb2 23. Qxb2 Nc7 24. Qb7 Re8 25. Bd2 Nb5 26. Nb2 Bxc3 27. Bxc3
Nxc3 28. Nxa4 Nxa4 29. Qb5 Qxb5 30. Bxb5 Ra8 31. Ra1 e6 32. Kf2 Kg7 33. Ke3 Kf6
34. f4 Nc3 35. Bc4 d5 36. e5+ Ke7 37. Kd3 Ra3 38. Bb3 c4+ 39. Kxc3 cxb3 40. Kb2
Rxa2+ 41. Rxa2 bxa2 42. Kxa2 Kd7 43. Kb3 Kc6 44. Kb4 h6 45. h4 h5 46. g3 Kb6
47. Kc3 Kc5 48. Kd3 d4 49. Ke4 Kc4 50. f5 exf5+ 51. Kf4 d3 52. Kg5 d2 53. Kf6
d1=Q 54. Kxf7 Qd7+ 55. Kxg6 Qe6+ 56. Kxh5 Qxe5 57. g4 fxg4+ 58. Kxg4 Kd4 59. h5
Ke4 0-1

[Event "5. Griesheimer Schachtage 2009"]
[Site "Griesheim"]
[Date "2009.05.17"]
[Round "5.27"]
[White "Heilmann, Jean-Michel"]
[Black "Farmani Anosheh, Yasha"]
[Result "1/2-1/2"]
[WhiteElo "1151"]
[BlackElo "1995"]
[PlyCount "361"]

1. e4 c5 2. Nc3 d6 3. Bc4 g6 4. d3 Bg7 5. Nge2 Nc6 6. O-O e6 7. Be3 Nd4 8. Bxd4
cxd4 9. Nb5 Qb6 10. a4 e5 11. f4 Nf6 12. fxe5 dxe5 13. a5 Qd8 14. c3 a6 15. Na3
O-O 16. cxd4 exd4 17. Nc2 Rb8 18. Ncxd4 Ng4 19. Nc2 Bxb2 20. Rb1 Be5 21. h3 Qh4
22. d4 Bc7 23. Qd2 Nf6 24. e5 Ne4 25. Qb4 Bd7 26. Ne3 Qd8 27. Rf4 Bxa5 28. Qa3
Nd2 29. Rd1 Nxc4 30. Nxc4 Bc7 31. d5 Bb5 32. d6 Bb6+ 33. Kh1 Rc8 34. Nxb6 Qxb6
35. Nc3 Qe3 36. Nxb5 Qxf4 37. d7 Rcd8 38. Nc7 Qxe5 39. Ne8 Rfxe8 40. dxe8=Q+
Rxe8 41. Qb3 b5 42. Rf1 Qe6 43. Qa3 Rb8 44. Qc5 b4 45. Qc7 Rc8 46. Qb7 Qc4 47.
Rxf7 Qxf7 48. Qxc8+ Kg7 49. Qxa6 b3 50. Qb5 Qe6 51. Qb4 Qd5 52. Qc3+ Kf7 53.
Qc7+ Kg8 54. Qc8+ Kg7 55. Qc7+ Kh6 56. Qf4+ Kg7 57. Qc7+ Qf7 58. Qc3+ Kf8 59.
Qb4+ Ke8 60. Qb5+ Ke7 61. Qc5+ Ke6 62. Qc4+ Kf6 63. Qd4+ Ke7 64. Qc5+ Kd7 65.
Qa7+ Ke6 66. Qb6+ Ke5 67. Qe3+ Kd6 68. Qb6+ Ke7 69. Qc5+ {
Dreifache Stellungswiederholung} 69... Kf6 70. Qd4+ Kg5 71. Qg4+ Kh6 72. Qh4+
Kg7 73. Qd4+ Kf8 74. Qd8+ Qe8 75. Qd6+ Kg7 76. Qd4+ Kg8 77. Qc4+ Qf7 78. Qc8+
Kg7 79. Qc3+ Kh6 80. Qd2+ g5 81. Qd6+ Qg6 82. Qf8+ Qg7 83. Qd6+ Qg6 84. Qf8+
Kh5 85. Qf3+ g4 86. hxg4+ Qxg4 87. Qf7+ Kh4 88. Qf2+ Kg5 89. Qe3+ Kh4 90. Qf2+
Qg3 91. Qf6+ Kg4 92. Qd4+ Kf5 93. Qd5+ Kf6 94. Qd4+ Ke6 95. Qc4+ Kd6 96. Qd4+
Kc7 97. Qc5+ Kd8 98. Qd5+ Ke7 99. Qe4+ Kd6 100. Qd4+ Ke6 101. Qe4+ Qe5 102.
Qc4+ Qd5 103. Qg4+ Kd6 104. Qb4+ Kc6 105. Qa4+ Qb5 106. Qe4+ Kc5 107. Qe5+ Kc4
108. Qe2+ Kb4 109. Qe1+ Kc4 110. Qc1+ Kd4 111. Qb2+ Ke3 112. Qc1+ Kf2 113. Qd2+
Qe2 114. Qf4+ Ke1 115. Qg3+ Kf1 116. Qf4+ Ke1 117. Qg3+ Kf1 118. Qf4+ Qf2 119.
Qc1+ Qe1 120. Qf4+ Ke2+ 121. Kh2 Kd1 122. Qd4+ Kc2 123. Qc4+ Qc3 124. Qe2+ Kb1
125. Qf1+ Qc1 126. Qd3+ Ka2 127. Qe2+ b2 128. Qa6+ Kb3 129. Qb5+ Kc2 130. Qc4+
Kd1 131. Qf1+ Kd2 132. Qf2+ Kd3 133. Qf5+ Kd4 134. Qd7+ Ke5 135. Qe7+ Kf5 136.
Qf7+ Kg4 137. Qe6+ Kg5 138. Qe7+ Kf4 139. Qf6+ Ke3 140. Qe5+ Kd2 141. Qd4+ Kc2
142. Qc4+ Kb1 143. Qd3+ Qc2 144. Qf1+ Ka2 145. Qa6+ Kb3 146. Qb5+ Kc3 147. Qc5+
Kd2 148. Qd4+ Kc1 149. Qe3+ Qd2 150. Qg1+ Kc2 151. Qc5+ Kd3 152. Qd5+ Kc2 153.
Qc4+ Qc3 154. Qe2+ Kb3 155. Qb5+ Qb4 156. Qd5+ 156... Kc3 {Remisreklamation
von Weiss nach Artikel 10.2 Fide-Regeln; Entscheidung wird vom Schiedsrichter
hinausgeschoben} 157. Qf3+ Kc4 158. Qe4+ Kc5 159. Qe5+ Kb6 160. Qb8+ Kc5 161.
Qc7+ Kd5 162. Qd8+ Kc6 163. Qe8+ Kc7 164. Qf7+ Kb8 165. Qe8+ Ka7 166. Qd7+ Ka8
167. Qc6+ Qb7 168. Qa4+ Qa7 169. Qc6+ Qb7 170. Qa4+ Kb8 171. Qe8+ Kc7 172. Qe7+
Kc6 173. Qe6+ Kc5 174. Qe3+ Kd6 175. Qf4+ Ke6 176. Qh6+ Ke5 177. Qg5+ 177...
Kd4 {50-Zuge-Regel} 178. Qd2+ Kc4 179. Qc2+ Kd5 180. Qd3+ Ke5 181. Qg3+ {
ZUE von Weiss; Entscheidung auf Remis nach einem Gespraech mit beiden Spielern
aufgrund Artikel 10.2 Fide-Regeln durch den Schiedsrichter} 1/2-1/2

[Event "5. Griesheimer Schachtage 2009"]
[Site "Griesheim"]
[Date "2009.05.17"]
[Round "5.28"]
[White "Iwanziw, Niklas"]
[Black "Riedel, Matthias"]
[Result "1-0"]
[WhiteElo "1866"]
[BlackElo "1087"]
[PlyCount "93"]

1. d4 d5 2. c4 e6 3. Nc3 Nf6 4. Bg5 Be7 5. e3 O-O 6. Bd3 h6 7. Bh4 Nbd7 8. Nf3
c6 9. Qc2 dxc4 10. Bxc4 Nb6 11. Bd3 Nfd5 12. Bxe7 Qxe7 13. a3 c5 14. Nxd5 Nxd5
15. dxc5 Bd7 16. Ne5 Rac8 17. Rc1 b6 18. Nxd7 Qxd7 19. c6 Qd6 20. O-O Rc7 21.
b4 Ne7 22. Be4 a5 23. bxa5 bxa5 24. Qc3 Ra8 25. Rfd1 Nd5 26. Bxd5 exd5 27. e4
Rd8 28. Rxd5 Qe7 29. Rxd8+ Qxd8 30. Qxa5 Qd7 31. h3 Qe7 32. Qd5 Kh7 33. Rc3 Qf6
34. e5 Qf5 35. Qd6 Qb1+ 36. Kh2 Qb6 37. a4 Qa5 38. Rc4 g6 39. Qc5 Qa6 40. Qb5
Qa7 41. Rc5 Qa8 42. a5 Kg7 43. Qb6 Qc8 44. a6 f6 45. a7 fxe5 46. a8=Q Qxa8 47.
Qxc7+ 1-0

[Event "5. Griesheimer Schachtage 2009"]
[Site "Griesheim"]
[Date "2009.05.17"]
[Round "5.29"]
[White "Bauer, Bjoern-Benny"]
[Black "Merkel, Gregor"]
[Result "1-0"]
[WhiteElo "1525"]
[BlackElo "1743"]
[PlyCount "41"]

1. d4 g6 2. c4 Nf6 3. Nc3 d5 4. cxd5 Nxd5 5. e4 Nxc3 6. bxc3 Bg7 7. Nf3 O-O 8.
Bb2 c5 9. d5 Bg4 10. h3 Bxf3 11. Qxf3 Qa5 12. h4 f5 13. h5 fxe4 14. Qh3 e3 15.
Qxe3 Bd4 16. Qe6+ Kh8 17. hxg6 Bxc3+ 18. Ke2 Qb5+ 19. Ke3 Bd4+ 20. Ke4 Qxb2 21.
Rxh7# 1-0

[Event "5. Griesheimer Schachtage 2009"]
[Site "Griesheim"]
[Date "2009.05.17"]
[Round "5.30"]
[White "Krischak, Werner"]
[Black "Kalmbach, Rainer"]
[Result "1-0"]
[WhiteElo "1619"]
[BlackElo "1689"]
[PlyCount "83"]

1. d4 c5 2. d5 Nf6 3. c4 g6 4. Nc3 Bg7 5. e4 d6 6. Nf3 O-O 7. Be2 a6 8. O-O
Nbd7 9. Be3 Ng4 10. Bf4 Nge5 11. Nd2 Rb8 12. Be3 Nf6 13. h3 Ned7 14. Bf4 Ne8
15. a4 e5 16. dxe6 fxe6 17. Bh2 Ne5 18. Nb3 b6 19. Qd2 Nc6 20. Bd3 Nd4 21. Nxd4
cxd4 22. Ne2 e5 23. b4 Nc7 24. a5 b5 25. Rac1 Be6 26. cxb5 Nxb5 27. Rc6 Qd7 28.
Rfc1 Ra8 29. Bxb5 axb5 30. Rc7 Qd8 31. Qc2 Bc4 32. Rxc4 bxc4 33. Qxc4+ Kh8 34.
Ra1 Rc8 35. Qd3 Rf7 36. b5 Rc5 37. b6 Qa8 38. a6 Rb7 39. Qb1 Rxb6 40. Qxb6 d3
41. Qxd6 Ra5 42. Rxa5 1-0

[Event "5. Griesheimer Schachtage 2009"]
[Site "Griesheim"]
[Date "2009.05.17"]
[Round "5.31"]
[White "Struwecker, Sigurd"]
[Black "Ovsepyan, Arshak"]
[Result "0-1"]
[WhiteElo "1058"]
[BlackElo "1863"]
[PlyCount "96"]

1. d4 d5 2. c4 c6 3. b3 Nf6 4. e3 Bf5 5. Nf3 e6 6. Be2 Be7 7. O-O Nbd7 8. Bb2
O-O 9. Nc3 a6 10. c5 Qc7 11. h3 b6 12. cxb6 Nxb6 13. Bd3 Bxd3 14. Qxd3 Rfd8 15.
Rfc1 Rdc8 16. a4 a5 17. Ba3 Bxa3 18. Rxa3 Qd6 19. Raa1 h6 20. Rc2 Nfd7 21. Rac1
e5 22. dxe5 Nxe5 23. Nxe5 Qxe5 24. Ne2 Qd6 25. e4 g6 26. Qd4 Rab8 27. Rc5 Ra8
28. exd5 cxd5 29. Rxc8+ Rxc8 30. Rxc8+ Nxc8 31. Nc3 Ne7 32. Ne4 Nf5 33. Nxd6
Nxd4 34. Kf1 Kf8 35. Ke1 Nxb3 36. Kd1 Nc5 37. Kc2 Ke7 38. Nb5 Nxa4 39. Kd3 Kd7
40. Nd4 Nc5+ 41. Kc3 Ne4+ 42. Kb3 Nxf2 43. Ka4 Kd6 44. Kxa5 Ke5 45. Nf3+ Ke4
46. Kb4 Nxh3 47. Kc3 Nf4 48. Nd2+ Ke3 0-1